00625nam a22002057a 450000500170000000800410001702000180005804000210007604100080009708200130010510000320011824500940015025000180024426000330026230000100029565000140030565000440031970000260036370000300038920201125124129.0201125b ||||| |||| 00| 0 eng d a9789381784198 aIN-DiNCcIN-DiNC dasm a150bCHA aChaliha, Beda Kumareauthor aShashik parimapan aru mulyayan/cby Beda Kumar Chaliha, Tarun Saikia and Runu Bora Saikia a12th rev. ed. aJorhat:bBidya bhawan,c2020 a549p. aEducation aMeasurement and evaluation in education aSaikia, Taruneauthor aSaikia, Runu Boraeauthor